Giáo trình môđun và nhóm aben

Trình bày các kiến thức nhập môn như: môđun con, môđun thương, đồng cấu, tổng trực tiếp, môđun tự do, môđun các đồng cấu, tích tenxơ. Giới thiệu một số lớp môđun quan trọng như nội xạ, xạ ảnh, Noether, Artin và một số cấu trúc cụ thể c...

Descrición completa

Gardado en:
Detalles Bibliográficos
Autor Principal: Nguyễn, Tiến Quang
Formato: Libro
Idioma:Undetermined
Publicado: Hà Nội Đại học Sư phạm Hà Nội 2008
Những chủ đề:
Các nhãn: Engadir etiqueta
Sen Etiquetas, Sexa o primeiro en etiquetar este rexistro!
Thư viện lưu trữ: Trung tâm Học liệu Trường Đại học Cần Thơ
LEADER 01011nam a2200205Ia 4500
001 CTU_140777
008 210402s9999 xx 000 0 und d
020 |c 21000 
082 |a 512 
082 |b Qu106 
100 |a Nguyễn, Tiến Quang 
245 0 |a Giáo trình môđun và nhóm aben 
245 0 |c Nguyễn Tiến Quang 
260 |a Hà Nội 
260 |b Đại học Sư phạm Hà Nội 
260 |c 2008 
520 |a Trình bày các kiến thức nhập môn như: môđun con, môđun thương, đồng cấu, tổng trực tiếp, môđun tự do, môđun các đồng cấu, tích tenxơ. Giới thiệu một số lớp môđun quan trọng như nội xạ, xạ ảnh, Noether, Artin và một số cấu trúc cụ thể của lớp các môđun trên vành số nguyên Z 
650 |a Algebra,Đại số 
904 |i Hạ Nguyên 
980 |a Trung tâm Học liệu Trường Đại học Cần Thơ